000 00658nam a2200277Ia 4500
005 20260324141846.0
008 008 260324s9999 xx 000 0 eng d
020 _a9781315285610
037 _aEBOOK
040 _aCRL
040 _beng
040 _cCRL
041 _2eng
041 _aeng
084 _qCRL
100 _aEarl Schenck Miers; James L. Robertson Jr; Richard A. Brown
_91209786
245 0 _aGettysburg
260 _bTaylor and Francis
260 _c1996
365 _a
365 _b145
856 _uhttp://www.taylorfrancis.com/books/9781315285610
942 _cEBOOK
999 _c1813303
_d1813303